[Event "Titled Tuesday intern op 07th May Late"]
[Site "Chess.com INT"]
[Date "2024.05.07"]
[Round "1"]
[White "Baskakov, Egor"]
[Black "Dobre, Claudiu Cristian"]
[Result "1-0"]
[WhiteElo "2215"]
[BlackElo "2259"]
[PlyCount "83"]
[EventDate "2024.05.07"]
[EventType "swiss (blitz)"]
[EventRounds "11"]
[EventCountry "USA"]
[SourceTitle "EXT 2025"]
[Source "ChessBase"]
[SourceDate "2024.10.14"]
[SourceVersion "1"]
[SourceVersionDate "2024.10.14"]
[SourceQuality "1"]

1. e4 Nc6 2. Nc3 e5 3. g3 Bc5 4. Bg2 d6 5. Nge2 Nge7 6. d3 a6 7. 0-0 0-0 8. h3 f5 9. Kh2 Be6 10. f4 Qd7 11. Nd5 Rf7 12. c3 Ba7 13. Bd2 Raf8 14. Qc2 Nd8 15. Rae1 c6 16. Nxe7+ Qxe7 17. exf5 Bxf5 18. g4 Bc8 19. f5 Qc7 20. d4 e4 21. Bf4 Re8 22. Ng3 Bb8 23. Nxe4 h6 24. Bxd6 Rxe4 25. Bxc7 Bxc7+ 26. Kh1 Rxe1 27. Rxe1 Bd7 28. d5 c5 29. d6 Bxd6 30. Bd5 Kf8 31. Bxf7 Nxf7 32. Rd1 Bc6+ 33. Kg1 Bf4 34. Qf2 Ng5 35. Rd3 Bc7 36. Qxc5+ Kg8 37. h4 Nf3+ 38. Rxf3 Bxf3 39. Qxc7 Kh8 40. g5 hxg5 41. hxg5 Bc6 42. g6 1-0